UBT Library

Constitutional values : (Record no. 42805)

000 -LEADER
fixed length control field 00964cam a2200277 a 4500
001 - CONTROL NUMBER
control field 15029145
005 - DATE AND TIME OF LATEST TRANSACTION
control field 20180216073502.0
008 - FIXED-LENGTH DATA ELEMENTS--GENERAL INFORMATION
fixed length control field 071001s2009 njua b 001 0 eng
010 ## - LIBRARY OF CONGRESS CONTROL NUMBER
LC control number 2007038909
020 ## - INTERNATIONAL STANDARD BOOK NUMBER
International Standard Book Number 0131717693 (hbk.)
020 ## - INTERNATIONAL STANDARD BOOK NUMBER
International Standard Book Number 9780131717695 (hbk.)
035 ## - SYSTEM CONTROL NUMBER
System control number (OCoLC)ocn173748215
035 ## - SYSTEM CONTROL NUMBER
System control number (OCoLC)173748215
Canceled/invalid control number (OCoLC)144522756
040 ## - CATALOGING SOURCE
Original cataloging agency DLC
Transcribing agency DLC
Modifying agency YDX
-- BAKER
-- BTCTA
-- YDXCP
-- DLC
041 ## - LANGUAGE CODE
Language code of text/sound track or separate title eng
043 ## - GEOGRAPHIC AREA CODE
Geographic area code n-us---
080 ## - UNIVERSAL DECIMAL CLASSIFICATION NUMBER
Universal Decimal Classification number 342.73 DAN
082 00 - DEWEY DECIMAL CLASSIFICATION NUMBER
Classification number 342.73 DAN
Edition number 22
100 1# - Rafti
Rafti 14
101 ## - Shkurtesa
Shkurtesa JUR
245 10 - TITLE STATEMENT
Title Constitutional values :
Statement of responsibility, etc Daniel E. Hall, John P. Feldmeier.
504 ## - BIBLIOGRAPHY, ETC. NOTE
Bibliography, etc Includes bibliographical references and index.
906 ## - LOCAL DATA ELEMENT F, LDF (RLIN)
a 7
b cbc
c orignew
d 1
e ecip
f 20
g y-gencatlg
942 ## - ADDED ENTRY ELEMENTS (KOHA)
Source of classification or shelving scheme
Item type Books
Holdings
Withdrawn status Lost status Damaged status Not for loan Date acquired Total Checkouts Date last seen Price effective from Koha item type
        02/16/2018   02/16/2018 02/16/2018 Books
UBT Library © 2015-2024. All rights reserved University Education for Business and Technology